| 000 | 00520nam a2200193Ia 4500 | ||
|---|---|---|---|
| 005 | 20250508150740.0 | ||
| 008 | 008 250505s9999 xx 000 0 eng d | ||
| 037 | _aBooks to be hide in OPAC | ||
| 040 |
_aFEDL _beng _cFEDL |
||
| 041 |
_aeng _2eng |
||
| 084 |
_a423, CON/O _qFEDL |
||
| 100 | _aFowler H W | ||
| 245 | 0 | _aConcise dictionary of current English | |
| 250 | _a3 | ||
| 260 |
_aOxford, UK _bClarendon Press _c1949 |
||
| 300 | _a1520p. | ||
| 942 |
_cHB _h423, CON/O |
||
| 999 |
_c1325426 _d1325426 |
||